Fathom Vol 3 #4 /

In his remote, mountainous base, Chris Calloway learns the hard way about the resilient nature of the Blue, as his war machines' plan of attack against them doesn't go exactly as planned. Aspen and Chance -- and their new captive prisoner -- have plans of their own as they attempt to free...

Full description

Bibliographic Details
Corporate Author: Library Pass, LLC
Other Authors: Krul, J.T. (writer.), Turner, Michael (writer.)
Format: eBook
Language:English
Published: [United States] : Aspen Comics, 2011.
Subjects:
Online Access:Connect to this electronic book (First time users create your free account)

MARC

Tag First Indicator Second Indicator Subfields
LEADER 00000nmm a22000001a 4500
001 in00004628331
006 m|||||o||m||||||||
007 cr|cn |||uuuuu
008 221118s2011 xxu||||eo|||| ||||||eng d
005 20221207221937.4
035 |a (TxWaIVM)IV6346AsFa 
040 |a TxWaIVM  |c TxWaIVM 
245 0 0 |a Fathom Vol 3 #4 /  |c powered by Library Pass. 
260 3 |a [United States] :  |b Aspen Comics,  |c 2011. 
300 |a 1 online resource. 
336 |a text  |b txt  |2 rdacontent 
337 |a computer  |b c  |2 rdamedia 
338 |a online resource  |b cr  |2 rdacarrier 
520 |a In his remote, mountainous base, Chris Calloway learns the hard way about the resilient nature of the Blue, as his war machines' plan of attack against them doesn't go exactly as planned. Aspen and Chance -- and their new captive prisoner -- have plans of their own as they attempt to free Aspen's brother Finn. Meanwhile, Siphon begins to ponder a course of action below the surface that could lead to disastrous results for the citizens of Muria. And if that's not enough, the Black reveal the massive scope of their attack -- one which all of mankind might not survive! The deadly tides of change rise above the surface as the exciting third volume of the best selling action adventure series, Fathom continues! 
521 |a 3 
538 |a Requires a valid library card and registration for new users. 
538 |a Mode of access: World Wide Web. 
538 |a System requirements: Flash 10.1 or higher, Windows XP and higher, Internet Explorer 7 and higher, Firefox 3.6 and higher, Google Chrome; Max OS 10.5 and higher, Safari 4 and higher. 
650 0 |a Comic books, strips, etc. 
655 7 |a Electronic books.  |2 local 
655 7 |a Comic books, strips, etc.  |2 gsafd 
650 0 |a Comic books, strips, etc. --Superheroes 
655 7 |a Comic books, strips, etc. --Superheroes  |2 gsafd 
700 1 |a Krul, J.T..  |e writer. 
700 1 |a Turner, Michael.  |e writer. 
700 1 |a Garza, Ale.  |e artist. 
710 2 |a Library Pass, LLC. 
856 4 0 |u http://proxy.library.tamu.edu/login?url=https://tamu.librarypass.com/product/com.iversecomics.aspen.comics.fathom.vol.three.four.11042011  |z Connect to this electronic book (First time users create your free account)  |t 0 
955 |a Comics Plus. 
999 f f |s 7fa76cb2-78bb-4876-99b9-6aee300ea35f  |i f701780c-2314-46b7-986c-e5f160272dbe  |t 0 
952 f f |a Texas A&M University  |b College Station  |c Electronic Resources  |d Available Online  |t 0  |h Library of Congress classification 
998 f f |t 0  |l Available Online